Ontología de la educación

Na minha lista:
Detalhes bibliográficos
Autor principal: Pacios López, Arsenio (autor)
Formato: Livro
Idioma:espanhol
Publicado em: Madrid Consejo Superior de Investigación Cientificas Instituto de Pedagógia "San José de Calasanz" 1954
Assuntos:
Tags: Adicionar Tag
Sem tags, seja o primeiro a adicionar uma tag!

MARC

LEADER 00000nam a2200000 a 4500
001 UCY8163
003 CL-VaPUC
008 950623e19540000SP |||||||||||||||||spa|d
082 0 4 |a 370.1  |b PAC  |2 21 
100 |a Pacios López, Arsenio  |e autor  |9 339363 
245 1 0 |a Ontología de la educación 
300 |a 277 p 
942 |c BK 
945 |d 19950623 00:00:00  |a lriquelm 
260 |a Madrid  |b Consejo Superior de Investigación Cientificas Instituto de Pedagógia "San José de Calasanz"  |c 1954 
650 0 |a Filosofía de la educación   |9 258384 
650 0 |a Ontología   |9 256850 
583 |a last modification  |c 19950623 00:00:00  |k Rodrigo Vera 
999 |c 235441  |d 235439 
952 |0 0  |1 0  |4 0  |6 370_100000000000000_PAC_1954  |7 0  |8 P  |9 242865  |a BIBEDU  |b BIBEDU  |c BIBEDU_PB  |d 2019-11-18  |i 1518534  |o 370.1 PAC 1954  |p 1518534  |r 2024-01-25  |w 2019-11-18  |y BK  |k EDU